| 000 | 00517nam a2200181Ia 4500 | ||
|---|---|---|---|
| 005 | 20250923144749.0 | ||
| 008 | 008 250917s9999 xx 000 0 eng d | ||
| 037 | _aTextual | ||
| 040 |
_aDSWL _beng _cDSWL |
||
| 041 |
_aeng _2eng |
||
| 084 |
_aZ(Q2),922, N42 _qDSWL |
||
| 100 |
_aLall, Panna _9828179 |
||
| 245 | 0 |
_aHindu customary law in Lucknow _cby Panna Lall |
|
| 260 |
_aU.P. _bU.P.India _c1942 |
||
| 300 | _a107p. | ||
| 942 |
_cTEXL _hZ(Q2),922, N42 |
||
| 999 |
_c1443059 _d1443059 |
||